000 00678nam a2200241Ia 4500
008 180628s9999 xx 000 0 und d
020 _a978-1-4822-5595-9
050 _aComSc QA 76.73
050 _b.P75N94 2017
100 _aNyhoff, Jeffrey L.
245 0 _aProcessing :
245 3 _ban introduction to programming /
245 0 _cby Jeffrey L. Nyhoff, Larry R. Nyhoff.
260 _aFlorida :
260 _bCRC Press,
260 _c2017
300 _a538 pages :
300 _billustrations ;
300 _c25 cm.
500 _aIncludes index.
650 _aProcessing (Computer program language).
650 _xComputer programming -- Study and teaching.
999 _c358095
_d358095